Statistics for 2018 FIFA World Cup

Click here to take the quiz!

General Stats

  • This quiz has been taken 192 times
    (150 since last reset)
  • The average score is 29 of 32

Answer Stats

Answer% Correct
Russia
98%
France
98%
England
98%
Brazil
97%
Portugal
97%
Belgium
97%
Argentina
95%
Spain
95%
Japan
95%
Germany
94%
Egypt
94%
Panama
93%
Uruguay
93%
Sweden
92%
Iran
92%
Croatia
92%
Australia
92%
South Korea
91%
Colombia
91%
Mexico
90%
Poland
90%
Saudi Arabia
89%
Senegal
89%
Iceland
88%
Nigeria
88%
Denmark
88%
Switzerland
88%
Peru
87%
Serbia
85%
Morocco
85%
Tunisia
82%
Costa Rica
82%

Score Distribution

Percentile by Number Answered

Percent of People with Each Score

Your Score History

You have not taken this quiz since the last reset